000 00808nam a2200265Ia 4500
008 180523s9999 xx 000 0 und d
020 _a978-1-84476-316-0
050 _aMAIN RX 560
050 _b.L55 2006
100 _aLilly, Simon
245 0 _aCrystals & crystal healing :
245 0 _bharnessing the unique power of crystals and gemstones for health and inner harmony with over 200 beautiful photographs /
245 0 _cSimon Lilly.
260 _aLondon :
260 _bSouthwater,
260 _c2006
300 _a64 pages :
300 _bcolored illustrations ;
300 _c20 cm.
500 _aIncludes index.
650 _aCrystals - Health aspects.
650 _aHealing -- Miscellenea.
650 _xCrystals -- Psychic aspects.
650 _xCrystlas -- Therapeutic use.
999 _c357682
_d357682